| 000 | 01528cam a2200421 4500 | ||
|---|---|---|---|
| 001 | 21497 | ||
| 003 | VRT | ||
| 005 | 20260302144017.0 | ||
| 008 | 210329s2021 xo er 000 j slo | ||
| 015 | _aSNBA2021/10 | ||
| 020 |
_a9788056907504 _q(viazané) _z978805697504 |
||
| 039 | 9 |
_a202310241422 _bAUTHORITY _c202207130836 _dmsvkbb04 _c202110280938 _dmsnk167 _c202109171207 _dmsnk134 |
|
| 040 |
_aTTKJF _bslo _cTTKJF _dSNK _erda |
||
| 041 | 0 | _aslo | |
| 044 |
_axo _cSK |
||
| 072 | 7 |
_a821.162.4-3 _xSlovenská próza _2konspekt |
|
| 080 |
_a821.162.4-32 _22011 |
||
| 080 |
_a(0:82-32) _22011 |
||
| 100 | 1 |
_aHavranová, Ivana, _d1952- _4aut |
|
| 245 | 1 | 0 |
_aKeď umrie láska _cIvana Havranová |
| 250 | _a1. vydanie | ||
| 264 | 1 |
_aBratislava _bMarenčin PT _c2021 |
|
| 300 |
_a124 strán _c21 cm |
||
| 336 |
_atext _btxt _2rdacontent |
||
| 337 |
_abez média _bn _2rdamedia |
||
| 338 |
_azväzok _bnc _2rdacarrier |
||
| 500 | _aObsahuje biografické údaje o autorke na záložke prebalu publikácie | ||
| 500 | _aV tiráži chybné ISBN, správne má byť 9788056907504 | ||
| 655 | 7 |
_aslovenské príbehy _2SNKPH |
|
| 655 | 7 |
_askutočné príbehy _2SNKPH |
|
| 655 | 7 |
_aSlovak fiction _2SNKPHeng |
|
| 655 | 7 |
_aStories _2SNKPHeng |
|
| 942 |
_2ddc _cKLDO _n0 |
||
| 949 |
_617A1458943 _asnkSC 194243 _bsnk2021/12940 _o1303/2021 _s6100:20211110 |
||
| 949 |
_617A1458944 _asnkSC 194243 D1 _bsnk2021/12941 _o103/2021 |
||
| 949 |
_6270001000650865 _asvkbbA 164737 _bsvkbbm 800651 |
||
| 999 |
_c21497 _d21497 |
||